Welcome to WEB OPAC of MRSPTU Central Library

Spectrometric identification of organic compounds (Record no. 6173)

MARC details
000 -LEADER
fixed length control field 00462nam a2200181Ia 4500
008 - FIXED-LENGTH DATA ELEMENTS--GENERAL INFORMATION
fixed length control field 230711s9999||||xx |||||||||||||| ||und||
020 ## - INTERNATIONAL STANDARD BOOK NUMBER
International Standard Book Number 978-81-265-5659-5
041 ## - LANGUAGE CODE
Language code of text/sound track or separate title ENG
082 ## - DEWEY DECIMAL CLASSIFICATION NUMBER
Classification number 543.5
Item number SI-S
100 ## - MAIN ENTRY--PERSONAL NAME
Personal name Silverstein,Robert M
245 #0 - TITLE STATEMENT
Title Spectrometric identification of organic compounds
250 ## - EDITION STATEMENT
Edition statement 8th Ed.
260 ## - PUBLICATION, DISTRIBUTION, ETC.
Date of publication, distribution, etc. 2015
Place of publication, distribution, etc. New Delhi
Name of publisher, distributor, etc. Wiley & Sons
300 ## - PHYSICAL DESCRIPTION
Extent 455p.
650 ## - SUBJECT ADDED ENTRY--TOPICAL TERM
Topical term or geographic name entry element Chemistry
700 ## - ADDED ENTRY--PERSONAL NAME
Personal name Webster,Francis X
942 ## - ADDED ENTRY ELEMENTS (KOHA)
Koha item type Book
Holdings
Withdrawn status Lost status Damaged status Not for loan Collection Home library Current library Date acquired Cost, normal purchase price Inventory number Total checkouts Full call number Barcode Date last seen Price effective from Koha item type Source of acquisition
          MRSPTU Central Library MRSPTU Central Library   719.00 KBD/2016-2017/959342808   543.5 SI-S 34614 08/17/2023 08/17/2023 Book  
          MRSPTU Central Library MRSPTU Central Library   719.00 KBD/2016-2017/959342808   543.5 SI-S 34615 08/17/2023 08/17/2023 Book  
          MRSPTU Central Library MRSPTU Central Library   719.00 KBD/2016-2017/959342808   543.5 SI-S 34616 08/17/2023 08/17/2023 Book  
          MRSPTU Central Library MRSPTU Central Library   719.00 KBD/2016-2017/959342808   543.5 SI-S 34617 08/17/2023 08/17/2023 Book  
          MRSPTU Central Library MRSPTU Central Library   719.00 KBD/2016-2017/959342808   543.5 SI-S 34618 08/17/2023 08/17/2023 Book  
          MRSPTU Central Library MRSPTU Central Library   719.00 KBD/2016-2017/959342808   543.5 SI-S 34619 08/17/2023 08/17/2023 Book  
          MRSPTU Central Library MRSPTU Central Library   719.00 KBD/2016-2017/962542808   543.5 SI-S P302 08/17/2023 08/17/2023 Book Krishna Book Distributors
          MRSPTU Central Library MRSPTU Central Library   719.00 KBD/2016-2017/962542808   543.5 SI-S P303 08/17/2023 08/17/2023 Book Krishna Book Distributors
          MRSPTU Central Library MRSPTU Central Library   719.00 KBD/2016-2017/962542808   543.5 SI-S P304 08/17/2023 08/17/2023 Book Krishna Book Distributors

Website Designed and Developed by MRSPTU Central Library Team

E-mail Id: librarian@mrsptu.ac.in